000
00234nam a2200097Ia 4500
001
709345
005
20250826162545.0
008
250824s9999 xx 000 0 und d
245
0
_a
UYURGEZER ALİ
_c
JOAN AİKEN
260
_b
TUDEM YAYINLARI
999
_c
709345
_d
709345